|
|
|
|
| LEADER |
00000nam0a2200000 4500 |
| 001 |
151532 |
| 005 |
20231031150742.0 |
| 035 |
|
|
|a (RuTPU)RU\TPU\book\164299
|
| 090 |
|
|
|a 151532
|
| 100 |
|
|
|a 20090123d1985 k y0rusy50 ca
|
| 101 |
0 |
|
|a rus
|
| 102 |
|
|
|a RU
|
| 105 |
|
|
|a a z 001zy
|
| 200 |
1 |
|
|a Поиск зависимости и оценка погрешности
|f Академия наук СССР (АН СССР), Институт проблем передачи информации (ИППИ); под ред. И. Ш. Пинскера
|
| 210 |
|
|
|a Москва
|c Наука
|d 1985
|
| 215 |
|
|
|a 146 с.
|c ил.
|
| 320 |
|
|
|a Библиография в конце статей
|
| 610 |
1 |
|
|a статистические наблюдения
|
| 610 |
1 |
|
|a обработка
|
| 610 |
1 |
|
|a оценка погрешности
|
| 610 |
1 |
|
|a аппроксимация
|
| 610 |
1 |
|
|a алгоритмы
|
| 675 |
|
|
|a 519.25
|v 3
|
| 702 |
|
1 |
|a Пинскер
|b И. Ш.
|4 340
|
| 712 |
0 |
2 |
|a Академия наук СССР (АН СССР)
|b Институт проблем передачи информации (ИППИ)
|c (Москва)
|2 stltpush
|3 (RuTPU)RU\TPU\col\12444
|
| 801 |
|
1 |
|a RU
|b 63413507
|c 20090123
|g PSBO
|
| 801 |
|
2 |
|a RU
|b 63413507
|c 20100329
|g RCR
|
| 942 |
|
|
|c BK
|